00493nam a2200145Ia 4500008004100000041000800041082001900049100001500068245002900083260005000112300003100162365001100193999001700204952012600221240624s9999 xx 000 0 und d aeng a658.312404 MUR aMURTHY S K aTRAINING FOR DEVELOPMENT c2011aNew DelhibAnmol Publications Pvt. Ltd. avii, : 312 : p. : cm. ; 22 cRSb20 c16164d16164 00104070aIMTNbIMTNcRack 26-Ad2010-12-15eWBDg900.00o658.312404 MURp16164r2024-06-24 00:00:00t1w2024-06-24yBK